Quản trị thời gian : Làm thế nào để làm việc hiệu quả hơn

Gorde:
Xehetasun bibliografikoak
Erakunde egilea: Business the Ultimate Resource
Formatua: Liburua
Hizkuntza:Undetermined
Argitaratua: Thành phố Hồ Chí Minh Trẻ 2005
Gaiak:
Etiketak: Etiketa erantsi
Etiketarik gabe, Izan zaitez lehena erregistro honi etiketa jartzen!
Thư viện lưu trữ: Trung tâm Học liệu Trường Đại học Cần Thơ
LEADER 00628nam a2200193Ia 4500
001 CTU_103609
008 210402s9999 xx 000 0 und d
082 |a 651.1 
082 |b B976 
110 |a Business the Ultimate Resource 
245 0 |a Quản trị thời gian : 
245 0 |b Làm thế nào để làm việc hiệu quả hơn 
245 0 |c Business the Ultimate Resource ; Hoa Phượng dịch 
260 |a Thành phố Hồ Chí Minh 
260 |b Trẻ 
260 |c 2005 
650 |a Ssuccess in business 
904 |i Hiếu 
980 |a Trung tâm Học liệu Trường Đại học Cần Thơ